El Canal de Nicaragua : conferencias y discusiones de mesa redonda... / por Vicente Sáenz conferencias y discusiones de mesa redonda... / por Vicente Sáenz
Descripción Física:
67 p. ; 22 cm
Materias:
Nicaragua, Canal de
MARC
| LEADER | 00000nam a2200000Ia 4500 | ||
|---|---|---|---|
| 001 | 803 | ||
| 008 | 160829s9999 xx 000 0 cat d | ||
| 080 | |a H-2-109 | ||
| 100 | |a Sáenz, Vicente |9 22432 | ||
| 245 | |a El Canal de Nicaragua : |b conferencias y discusiones de mesa redonda... / por Vicente Sáenz | ||
| 260 | |a México : |b (Talleres Gráficos 'Michoacán', [1929?] | ||
| 300 | |a 67 p. ; |c 22 cm | ||
| 650 | |a Nicaragua, Canal de |9 22433 | ||
| 901 | |a Arxiu | ||
| 942 | |n 1 | ||
| 952 | |0 0 |1 0 |4 0 |6 H2109 |7 1 |9 42221 |a Arxiu |b Arxiu |d 2016-12-01 |l 0 |o H-2-109 |p 803 |r 2016-12-01 00:00:00 |w 2016-12-01 |y ARXIU | ||
| 999 | |c 44668 |d 44668 | ||